[Event "Syre Memorial op 31st"]
[Site "Issy les Moulineaux"]
[Date "2008.05.03"]
[Round "5"]
[White "Ravry, Kazoune"]
[Black "Nkada, Alexandre"]
[Result "0-1"]
[WhiteElo "1769"]
[BlackElo "2087"]
[PlyCount "32"]
[EventDate "2008.05.01"]
[EventType "swiss"]
[EventRounds "6"]
[EventCountry "FRA"]
[SourceTitle "EXT 2010"]
[Source "ChessBase"]
[SourceDate "2010.11.25"]
[SourceVersion "1"]
[SourceVersionDate "2010.11.25"]
[SourceQuality "1"]

1. d4 d5 2. Nf3 Nf6 3. e3 e6 4. Bd3 c5 5. c3 Nc6 6. 0-0 Be7 7. Nbd2 0-0 8. dxc5 Bxc5 9. b4 Bd6 10. a3 e5 11. e4 Bg4 12. exd5 Nxd5 13. c4 Nf4 14. Ne4 Nd4 15. Nxd6 Bxf3 16. Bxf4 Bxd1 0-1

[Event "Montigny le Bretonneux op 5th"]
[Site "Montigny le Bretonneux"]
[Date "2006.10.31"]
[Round "4.1"]
[White "Ravry, Kazoune"]
[Black "Kermadec, Olivier"]
[Result "0-1"]
[WhiteElo "1690"]
[BlackElo "1640"]
[PlyCount "68"]
[EventDate "2006.10.28"]
[EventType "swiss"]
[EventRounds "9"]
[EventCountry "FRA"]
[SourceTitle "EXT 2007"]
[Source "ChessBase"]
[SourceDate "2006.11.23"]
[SourceVersion "1"]
[SourceVersionDate "2006.11.23"]
[SourceQuality "1"]

1. e4 d5 2. exd5 Qxd5 3. Nc3 Qa5 4. d4 Bf5 5. Bd2 c6 6. Nf3 e6 7. Be2 Be7 8. 0-0 Nd7 9. Be3 Ngf6 10. Nh4 Bg6 11. a3 Nd5 12. Nxd5 exd5 13. Nf3 Qc7 14. Re1 0-0 15. Bd3 Bh5 16. h3 f5 17. Bxf5 Rxf5 18. g4 Bxg4 19. hxg4 Rf7 20. Ng5 Bxg5 21. Bxg5 Qd6 22. Qd3 Raf8 23. Rf1 Rf3 24. Qd2 Qg6 25. Bh4 Qxg4+ 26. Bg3 Nf6 27. Kh2 Ne4 28. Qe1 R8f6 29. Kg2 Rh6 30. Rh1 Rxh1 31. Kxh1 Qh3+ 32. Bh2 Rxf2 33. Qg1 Rxc2 34. Rf1 Rxh2+ 0-1

[Event "Montigny le Bretonneux op 5th"]
[Site "Montigny le Bretonneux"]
[Date "2006.10.30"]
[Round "3.1"]
[White "Korsak, Gregoire"]
[Black "Ravry, Kazoune"]
[Result "1-0"]
[WhiteElo "1670"]
[BlackElo "1690"]
[PlyCount "93"]
[EventDate "2006.10.28"]
[EventType "swiss"]
[EventRounds "9"]
[EventCountry "FRA"]
[SourceTitle "EXT 2007"]
[Source "ChessBase"]
[SourceDate "2006.11.23"]
[SourceVersion "1"]
[SourceVersionDate "2006.11.23"]
[SourceQuality "1"]

1. d4 d5 2. e3 Nf6 3. c4 dxc4 4. Bxc4 e6 5. Nc3 Bd6 6. Nf3 Nbd7 7. 0-0 0-0 8. e4 e5 9. d5 Nc5 10. Re1 Bg4 11. b4 Ncd7 12. a3 Nb6 13. Bd3 a6 14. h3 Bh5 15. Bg5 h6 16. Be3 Nfd7 17. g4 Bg6 18. Qd2 f6 19. Nh4 Qe8 20. Nf5 Bxf5 21. gxf5 Qh5 22. Kh2 Kf7 23. Be2 Qh4 24. Rg1 h5 25. Rg6 Rg8 26. Rag1 Rae8 27. Qd1 Nf8 28. R6g3 g6 29. fxg6+ Kg7 30. Qd2 Rh8 31. Rf1 Nc8 32. f4 Ne7 33. f5 Nd7 34. Rff3 Rc8 35. Bf2 Qf4 36. Rxf4 exf4 37. Rf3 Ne5 38. Rxf4 N5xg6 39. fxg6 Nxg6 40. Be3 c6 41. Kg2 Nxf4+ 42. Bxf4 Bxf4 43. Qxf4 cxd5 44. Nxd5 Rcf8 45. Ne7 Rd8 46. Nf5+ Kg6 47. Qg3+ 1-0

[Event "Montigny le Bretonneux op 5th"]
[Site "Montigny le Bretonneux"]
[Date "2006.10.29"]
[Round "2.1"]
[White "Ravry, Kazoune"]
[Black "Couronne, Patrice"]
[Result "1/2-1/2"]
[WhiteElo "1690"]
[BlackElo "1874"]
[PlyCount "38"]
[EventDate "2006.10.28"]
[EventType "swiss"]
[EventRounds "9"]
[EventCountry "FRA"]
[SourceTitle "EXT 2007"]
[Source "ChessBase"]
[SourceDate "2006.11.23"]
[SourceVersion "1"]
[SourceVersionDate "2006.11.23"]
[SourceQuality "1"]

1. e4 c5 2. Nf3 Nc6 3. d4 cxd4 4. Nxd4 Nf6 5. Nc3 e5 6. Nb3 Bb4 7. Bd3 Bxc3+ 8. bxc3 d5 9. exd5 Nxd5 10. Bb2 Qg5 11. Qd2 Qxd2+ 12. Nxd2 Nf4 13. 0-0 0-0 14. Nf3 Re8 15. Rfe1 Nxd3 16. cxd3 Bf5 17. d4 exd4 18. Nxd4 Nxd4 19. cxd4 Be6 1/2-1/2